[Event "South Moravia Region-chT 2223"]
[Site "Czech Republic"]
[Date "2023.02.26"]
[Round "9.6"]
[White "Tvrdy, Radovan"]
[Black "Zeman, Arnost"]
[Result "1/2-1/2"]
[WhiteElo "1750"]
[BlackElo "1767"]
[PlyCount "48"]
[EventDate "2022.10.09"]
[EventType "team-tourn"]
[EventRounds "11"]
[EventCountry "CZE"]
[SourceTitle "EXT 2024"]
[Source "ChessBase"]
[SourceDate "2023.10.10"]
[SourceVersion "1"]
[SourceVersionDate "2023.10.10"]
[SourceQuality "1"]

1. e4 c5 2. Nf3 g6 3. c3 Bg7 4. d4 cxd4 5. cxd4 Nf6 6. Nc3 0-0 7. Be2 d6 8. 0-0 a6 9. a4 b6 10. Be3 Bb7 11. Bd3 Nc6 12. h3 Nb4 13. Bb1 Rc8 14. Qe2 a5 15. Rd1 Nd7 16. Bf4 Qc7 17. Qd2 Rfd8 18. Ra3 Qb8 19. Bh6 Bh8 20. Qg5 Bf6 21. Qe3 Ba6 22. Bg5 Kg7 23. Bh6+ Kg8 24. Bg5 Kg7 1/2-1/2

[Event "Brno Duras op"]
[Site "Brno"]
[Date "2016.07.02"]
[Round "8"]
[White "Zeman, Arnost"]
[Black "Fojtik, Tomas"]
[Result "0-1"]
[WhiteElo "1938"]
[BlackElo "2051"]
[PlyCount "50"]
[EventDate "2016.06.25"]
[EventType "swiss"]
[EventRounds "9"]
[EventCountry "CZE"]
[SourceTitle "CBM 173 Extra"]
[Source "ChessBase"]
[SourceDate "2016.08.29"]
[SourceVersion "1"]
[SourceVersionDate "2016.08.29"]
[SourceQuality "1"]

1. g3 d5 2. Bg2 Nf6 3. d3 e6 4. Nf3 Be7 5. 0-0 0-0 6. Nbd2 b6 7. a3 Bb7 8. b4 Nbd7 9. Bb2 c5 10. bxc5 bxc5 11. c4 d4 12. Qc2 Qc7 13. Rfb1 Ne8 14. Bc1 Bc6 15. Nf1 h6 16. e3 e5 17. exd4 exd4 18. Qe2 Nef6 19. Nxd4 cxd4 20. Qxe7 Bxg2 21. Kxg2 Qc6+ 22. Kg1 Rfe8 23. Qb4 Rab8 24. Qd2 Ne5 25. Qd1 Nf3+ 0-1

[Event "Brno Duras op"]
[Site "Brno"]
[Date "2016.06.25"]
[Round "1"]
[White "Feldvabl, Vilem"]
[Black "Zeman, Arnost"]
[Result "1/2-1/2"]
[WhiteElo "1627"]
[BlackElo "1938"]
[PlyCount "155"]
[EventDate "2016.06.25"]
[EventType "swiss"]
[EventRounds "9"]
[EventCountry "CZE"]
[SourceTitle "CBM 173 Extra"]
[Source "ChessBase"]
[SourceDate "2016.08.29"]
[SourceVersion "1"]
[SourceVersionDate "2016.08.29"]
[SourceQuality "1"]

1. d4 d5 2. c4 e6 3. Nf3 Nf6 4. Bg5 Be7 5. e3 Nbd7 6. Be2 h6 7. Bh4 0-0 8. 0-0 c6 9. Nbd2 Ne4 10. Bxe7 Qxe7 11. a3 Nxd2 12. Qxd2 dxc4 13. Bxc4 e5 14. dxe5 Nxe5 15. Nxe5 Qxe5 16. Rad1 Bf5 17. Qd4 Qc7 18. Qd6 Qb6 19. Qd4 Rad8 20. Qxb6 axb6 21. Bb3 Be6 22. Rxd8 Rxd8 23. Rd1 Rxd1+ 24. Bxd1 Kf8 25. Kf1 Ke7 26. Ke2 Kd6 27. Kd3 b5 28. b4 b6 29. g3 c5 30. Bf3 Bc4+ 31. Kc3 Bf1 32. h4 g5 33. hxg5 hxg5 34. Kd2 f5 35. Ke1 Bd3 36. Kd2 Bf1 37. Ke1 Bc4 38. Kd2 Ke5 39. Kc3 Bd5 40. Be2 Bc6 41. f3 Bd7 42. Kd3 f4 43. gxf4+ gxf4 44. exf4+ Kxf4 45. Kc3 Ke3 46. Bd1 c4 47. a4 bxa4 48. Kxc4 Be6+ 49. Kc3 a3 50. Bc2 Kxf3 51. Bg6 Ke3 52. Bh5 Bc4 53. Bg4 Kf4 54. Bh5 Ke5 55. Bf3 Kd6 56. Be4 Bd5 57. Bd3 Kc6 58. Be2 Kd6 59. Bd3 Ke5 60. Be2 Ke4 61. Bh5 Bc4 62. Bg4 Ke3 63. Bh5 Be6 64. Bd1 Bc4 65. Bh5 Bg8 66. Bg4 a2 67. Kb2 Bb3 68. Bd7 Kd4 69. Bf5 Kd5 70. Bc2 Bc4 71. Bd1 Kc6 72. Be2 Bd5 73. Bh5 Kb5 74. Be2+ Kxb4 75. Bd3 Bc4 76. Bg6 Kc5 77. Be8 Bd5 78. Ba4 1/2-1/2

[Event "CZE-chT2E 1516"]
[Site "Czech Republic"]
[Date "2016.01.24"]
[Round "6.7"]
[White "Zeman, Arnost"]
[Black "Tesar, Jan"]
[Result "0-1"]
[WhiteElo "1992"]
[BlackElo "2078"]
[PlyCount "150"]
[EventDate "2015.10.18"]
[EventType "team-tourn"]
[EventRounds "11"]
[EventCountry "CZE"]
[SourceTitle "EXT 2022"]
[Source "ChessBase"]
[SourceDate "2021.10.06"]
[SourceVersion "1"]
[SourceVersionDate "2021.10.06"]
[SourceQuality "1"]
[WhiteTeam "Orechov"]
[BlackTeam "Dalesice Pivovar"]
[WhiteTeamCountry "CZE"]
[BlackTeamCountry "CZE"]

1. Nf3 d5 2. d4 Nc6 3. Bf4 Bf5 4. c3 e6 5. Nbd2 Bd6 6. e3 Bxf4 7. exf4 Nf6 8. Qa4 0-0 9. Nh4 Re8 10. g3 Ne4 11. Nxe4 dxe4 12. Nxf5 exf5 13. 0-0-0 Ne7 14. d5 a6 15. Qd4 b5 16. h4 Qd6 17. h5 h6 18. c4 bxc4 19. Bxc4 Red8 20. Rd2 c6 21. Rhd1 cxd5 22. Bxd5 Rac8+ 23. Kb1 Qc7 24. Qe5 Qxe5 25. fxe5 Nxd5 26. Rxd5 Rxd5 27. Rxd5 Kf8 28. Rd6 Ra8 29. Kc2 Ke7 30. Rb6 a5 31. Kb3 Rd8 32. Ka4 Rd2 33. Kxa5 Rxf2 34. Rb3 Rf3 35. Kb4 e3 36. Kc3 Rxg3 37. Kd3 Ke6 38. Rb4 Kxe5 39. a4 f4 40. Rb5+ Kd6 41. Rf5 g5 42. hxg6 fxg6 43. Rxf4 h5 44. b4 g5 45. Re4 h4 46. Rxe3 Rg1 47. Ke2 g4 48. Kf2 Rb1 49. Re1 Rxb4 50. Ra1 Rb2+ 51. Kg1 Kc7 52. a5 h3 53. Ra3 Kb7 54. a6+ Ka7 55. Rg3 Rb4 56. Ra3 Rb6 57. Rg3 Rg6 58. Kh2 Kxa6 59. Rb3 Rb6 60. Ra3+ Kb5 61. Kg3 Rg6 62. Rc3 Rc6 63. Rb3+ Kc4 64. Rb1 Rg6 65. Rd1 Rg5 66. Kh4 Rg8 67. Kg3 Kc3 68. Rd7 Rh8 69. Kh2 g3+ 70. Kh1 Rb8 71. Rc7+ Kb2 72. Rh7 g2+ 73. Kh2 Rg8 74. Kg1 Rg3 75. Rh8 Rf3 0-1

[Event "CZE-chT2E 1415"]
[Site "Czech Republic"]
[Date "2015.04.19"]
[Round "11.6"]
[White "Zeman, Arnost"]
[Black "Dvorak, Adam"]
[Result "0-1"]
[WhiteElo "1998"]
[BlackElo "2036"]
[PlyCount "102"]
[EventDate "2014.11.02"]
[EventType "team-tourn"]
[EventRounds "11"]
[EventCountry "CZE"]
[SourceTitle "EXT 2022"]
[Source "ChessBase"]
[SourceDate "2021.10.06"]
[SourceVersion "1"]
[SourceVersionDate "2021.10.06"]
[SourceQuality "1"]
[WhiteTeam "Orechov"]
[BlackTeam "Brno Lokomotiva II"]
[WhiteTeamCountry "CZE"]
[BlackTeamCountry "CZE"]

1. c4 Nf6 2. Nf3 c5 3. d4 cxd4 4. Nxd4 e6 5. Nc3 a6 6. g3 Qc7 7. Qd3 Nc6 8. Nxc6 bxc6 9. e4 Bc5 10. Bg2 0-0 11. 0-0 d6 12. Na4 Nd7 13. Nxc5 Nxc5 14. Qc2 e5 15. Be3 Rd8 16. Rfd1 Bg4 17. f3 Bh5 18. b4 Ne6 19. c5 d5 20. h4 Bg6 21. Bh3 Nd4 22. Qg2 dxe4 23. fxe4 Nb5 24. Bf5 Bxf5 25. exf5 Nc3 26. Re1 Rd3 27. a3 Rad8 28. Kh2 R8d5 29. Rac1 a5 30. Rc2 a4 31. Rd2 Qd7 32. Rxd3 Rxd3 33. Qf1 Rxe3 34. Rxe3 Qd2+ 35. Qg2 Qxe3 36. Qxc6 Qe2+ 37. Kh3 h5 38. Qe8+ Kh7 39. Qxf7 Qg4+ 40. Kg2 Ne4 41. Qg6+ Qxg6 42. fxg6+ Kxg6 43. Kf3 Kf5 44. Ke3 Nxg3 45. b5 Ke6 46. b6 Kd7 47. Kf3 Nf5 48. Ke4 Nxh4 49. Kxe5 Ng6+ 50. Kf5 Ne7+ 51. Kg5 g6 0-1

[Event "CZE-chT2E 1415"]
[Site "Czech Republic"]
[Date "2015.01.11"]
[Round "5.8"]
[White "Zeman, Arnost"]
[Black "Bures, Vit"]
[Result "0-1"]
[WhiteElo "1998"]
[BlackElo "2155"]
[PlyCount "50"]
[EventDate "2014.11.02"]
[EventType "team-tourn"]
[EventRounds "11"]
[EventCountry "CZE"]
[SourceTitle "EXT 2022"]
[Source "ChessBase"]
[SourceDate "2021.10.06"]
[SourceVersion "1"]
[SourceVersionDate "2021.10.06"]
[SourceQuality "1"]
[WhiteTeam "Orechov"]
[BlackTeam "Brno Moravska Slavia"]
[WhiteTeamCountry "CZE"]
[BlackTeamCountry "CZE"]

1. e4 c5 2. Nf3 d6 3. d4 cxd4 4. Nxd4 Nf6 5. Nc3 a6 6. Bg5 e6 7. f4 Be7 8. e5 dxe5 9. fxe5 Nfd7 10. Bxe7 Qxe7 11. Nf3 Nc6 12. Qe2 0-0 13. 0-0-0 Ndxe5 14. h4 f6 15. Ne4 Bd7 16. Rg1 Rac8 17. Nd6 Rc7 18. Kb1 Rd8 19. Nc4 Nxc4 20. Qxc4 Rdc8 21. Ne1 Nb4 22. Qd4 Nxc2 23. Nxc2 Rxc2 24. Bxa6 bxa6 25. Qxd7 Rc1+ 0-1

[Event "Ostrava Konik op"]
[Site "Ostrava"]
[Date "2014.04.30"]
[Round "5"]
[White "Zeman, Arnost"]
[Black "Mrazek, Roman"]
[Result "1/2-1/2"]
[WhiteElo "1993"]
[BlackElo "1842"]
[PlyCount "67"]
[EventDate "2014.04.26"]
[EventType "swiss"]
[EventRounds "9"]
[EventCountry "CZE"]
[SourceTitle "CBM 160 Extra"]
[Source "ChessBase"]
[SourceDate "2014.07.01"]
[SourceVersion "1"]
[SourceVersionDate "2014.07.01"]
[SourceQuality "1"]

1. Nf3 d5 2. d4 Nd7 3. Nbd2 Ngf6 4. e3 e6 5. Bd3 c5 6. c3 Bd6 7. e4 dxe4 8. Nxe4 Nxe4 9. Bxe4 Qc7 10. 0-0 Nf6 11. Bc2 Bd7 12. dxc5 Bxc5 13. Qe2 0-0 14. Bg5 Be7 15. Ne5 Bc6 16. Nxc6 Qxc6 17. Rad1 Rfd8 18. Bb3 Rxd1 19. Rxd1 Rd8 20. Rxd8+ Bxd8 21. Qd3 Be7 22. h3 h6 23. Be3 b6 24. Bc2 Qd6 25. Qe2 Nd5 26. Bd4 Qf4 27. g3 Qc1+ 28. Kg2 Bf6 29. Bxf6 Nxf6 30. Qd1 Qxd1 31. Bxd1 Kf8 32. Kf3 Ke7 33. Ke3 Kd6 34. h4 1/2-1/2

[Event "Ostrava Konik op"]
[Site "Ostrava"]
[Date "2014.04.28"]
[Round "3"]
[White "Zeman, Arnost"]
[Black "Mejzr, Jan"]
[Result "1-0"]
[WhiteElo "1993"]
[BlackElo "1798"]
[PlyCount "105"]
[EventDate "2014.04.26"]
[EventType "swiss"]
[EventRounds "9"]
[EventCountry "CZE"]
[SourceTitle "CBM 160 Extra"]
[Source "ChessBase"]
[SourceDate "2014.07.01"]
[SourceVersion "1"]
[SourceVersionDate "2014.07.01"]
[SourceQuality "1"]

1. c4 Nf6 2. Nf3 g6 3. g3 Bg7 4. Bg2 0-0 5. Nc3 d6 6. 0-0 Nbd7 7. Qc2 c6 8. d3 Qc7 9. Bd2 Re8 10. Rab1 e5 11. b4 Nf8 12. b5 Bd7 13. a4 Ne6 14. Rfe1 Nd4 15. Qd1 Nxf3+ 16. Bxf3 h5 17. a5 Qxa5 18. b6 Qa6 19. Be3 c5 20. Bg5 Bc6 21. Bxf6 Bxf6 22. Nd5 Bxd5 23. Bxd5 e4 24. bxa7 Rxa7 25. dxe4 Re7 26. Rb3 Rd7 27. Qd3 Kg7 28. Reb1 Bd8 29. h4 Ba5 30. Ra1 Rd8 31. Rb5 b6 32. Kg2 Qc8 33. Rb3 Qd7 34. Rba3 Qe7 35. f4 Rc7 36. Rf1 f6 37. Ra2 Re8 38. f5 Qe5 39. fxg6 Kxg6 40. e3 Qc3 41. Qe2 Rh8 42. Rc2 Qe5 43. Rf5 Qa1 44. Qd3 Kg7 45. Be6 Qb1 46. Rf1 Qb4 47. Qxd6 b5 48. e5 Rh6 49. exf6+ Rxf6 50. Rxf6 Kxf6 51. Rf2+ Kg7 52. Qe5+ Kh6 53. Rf6+ 1-0

[Event "CZE-chT2D 1314"]
[Site "Czech Republic"]
[Date "2013.12.15"]
[Round "4.6"]
[White "Vaculik, Jakub"]
[Black "Zeman, Arnost"]
[Result "1-0"]
[WhiteElo "2026"]
[BlackElo "1993"]
[PlyCount "123"]
[EventDate "2013.11.03"]
[EventType "team-tourn"]
[EventRounds "11"]
[EventCountry "CZE"]
[SourceTitle "EXT 2016"]
[Source "ChessBase"]
[SourceDate "2015.10.08"]
[SourceVersion "1"]
[SourceVersionDate "2015.10.08"]
[SourceQuality "1"]
[WhiteTeam "Velke Losiny"]
[BlackTeam "Policka"]
[WhiteTeamCountry "CZE"]
[BlackTeamCountry "CZE"]

1. d4 Nf6 2. Nf3 d5 3. c4 e6 4. Nc3 Nbd7 5. Bg5 Be7 6. e3 c6 7. Bd3 h6 8. Bh4 Ne4 9. Bxe7 Nxc3 10. Bxd8 Nxd1 11. Rxd1 Kxd8 12. b3 Ke7 13. Ke2 Rd8 14. Rd2 f6 15. e4 dxe4 16. Bxe4 f5 17. Bc2 g5 18. h3 Nf6 19. Re1 Kf8 20. Ne5 Kg7 21. Kd1 Ne8 22. a4 Nc7 23. h4 Bd7 24. g4 fxg4 25. hxg5 Be8 26. gxh6+ Kxh6 27. Rh1+ Kg5 28. Rh7 Rac8 29. Rg7+ Kf6 30. Rh7 c5 31. Nxg4+ Kg5 32. Rg7+ Kf4 33. Nf6 cxd4 34. Rg4+ Ke5 35. Nxe8 Nxe8 36. Re4+ Kf6 37. Rexd4 Rxd4 38. Rxd4 a5 39. Kd2 Rc7 40. Ke3 Ke7 41. Be4 Nd6 42. Rd1 b6 43. Rh1 Nc8 44. Kd4 Kd6 45. Kc3 Ke5 46. Bd3 Ne7 47. Re1+ Kd6 48. Be4 Rc5 49. b4 axb4+ 50. Kxb4 Re5 51. Rd1+ Kc7 52. f3 Nc6+ 53. Bxc6 Kxc6 54. Rd4 Rc5 55. f4 Ra5 56. Re4 Kd6 57. Re5 Rxe5 58. fxe5+ Kxe5 59. c5 bxc5+ 60. Kxc5 Kf4 61. a5 e5 62. a6 1-0

[Event "Brno Duras op-A"]
[Site "Brno"]
[Date "2013.06.25"]
[Round "4"]
[White "Svizensky, Lubos"]
[Black "Zeman, Arnost"]
[Result "1/2-1/2"]
[WhiteElo "1891"]
[BlackElo "2020"]
[PlyCount "49"]
[EventDate "2013.06.22"]
[EventType "swiss"]
[EventRounds "9"]
[EventCountry "CZE"]
[SourceTitle "CBM 155 Extra"]
[Source "ChessBase"]
[SourceDate "2013.08.26"]
[SourceVersion "1"]
[SourceVersionDate "2013.08.26"]
[SourceQuality "1"]

1. d4 d5 2. Nf3 c6 3. c4 e6 4. Nc3 Nf6 5. Bg5 Be7 6. e3 Nbd7 7. Bd3 h6 8. Bh4 0-0 9. 0-0 Re8 10. Re1 dxc4 11. Bxc4 Nd5 12. Bxe7 Qxe7 13. e4 Nxc3 14. bxc3 e5 15. d5 Nb6 16. Bb3 Bg4 17. h3 Bxf3 18. Qxf3 Rad8 19. dxc6 bxc6 20. Rad1 c5 21. Bd5 Qc7 22. c4 Nc8 23. Rb1 Nb6 24. Rb3 Rb8 25. Reb1 1/2-1/2

[Event "Brno Duras op-A"]
[Site "Brno"]
[Date "2013.06.23"]
[Round "2"]
[White "Cermak, Jan"]
[Black "Zeman, Arnost"]
[Result "1/2-1/2"]
[WhiteElo "1604"]
[BlackElo "2020"]
[PlyCount "43"]
[EventDate "2013.06.22"]
[EventType "swiss"]
[EventRounds "9"]
[EventCountry "CZE"]
[SourceTitle "CBM 155 Extra"]
[Source "ChessBase"]
[SourceDate "2013.08.26"]
[SourceVersion "1"]
[SourceVersionDate "2013.08.26"]
[SourceQuality "1"]

1. e4 c5 2. Nf3 a6 3. d4 cxd4 4. Nxd4 Nf6 5. Nc3 d6 6. Be3 Bd7 7. Be2 g6 8. 0-0 Bg7 9. f4 Qc8 10. h3 Nc6 11. Qd2 0-0 12. g4 Nxd4 13. Bxd4 Bc6 14. Qe3 Nd7 15. Bxg7 Kxg7 16. g5 Qc7 17. Rad1 Qb6 18. Qxb6 Nxb6 19. Nd5 Nxd5 20. exd5 Bd7 21. h4 Rac8 22. c3 1/2-1/2

[Event "Brno Trade op-A 37th"]
[Site "Brno"]
[Date "2012.08.27"]
[Round "3"]
[White "Zeman, Arnost"]
[Black "Sojka, Oldrich"]
[Result "1-0"]
[WhiteElo "1984"]
[BlackElo "1635"]
[PlyCount "73"]
[EventDate "2012.08.26"]
[EventType "swiss"]
[EventRounds "9"]
[EventCountry "CZE"]
[SourceTitle "CBM 150 Extra"]
[Source "ChessBase"]
[SourceDate "2012.10.19"]
[SourceVersion "1"]
[SourceVersionDate "2012.10.19"]
[SourceQuality "1"]

1. d4 d5 2. Nf3 Nf6 3. Nbd2 Nc6 4. c3 h6 5. Qc2 Bg4 6. e3 Bxf3 7. Nxf3 e6 8. Bd3 a6 9. a4 Bd6 10. b3 Qd7 11. Ba3 Bxa3 12. Rxa3 Qe7 13. Ra2 e5 14. dxe5 Nxe5 15. Nxe5 Qxe5 16. 0-0 0-0 17. c4 d4 18. exd4 Qxd4 19. Rd1 Qh4 20. g3 Qg5 21. Qd2 Qh5 22. Kg2 Rad8 23. Qe2 Qxe2 24. Rxe2 c5 25. Re5 b6 26. a5 Ng4 27. Re2 b5 28. cxb5 axb5 29. Red2 Ra8 30. Ra2 Rfd8 31. Be4 Rxd1 32. Bxa8 Ne5 33. a6 Nd7 34. Bf3 Rd3 35. a7 Nb6 36. a8Q+ Nxa8 37. Rxa8+ 1-0

[Event "Brno Trade op-A 37th"]
[Site "Brno"]
[Date "2012.08.26"]
[Round "2"]
[White "Hajek, Oskar"]
[Black "Zeman, Arnost"]
[Result "1-0"]
[WhiteElo "1791"]
[BlackElo "1984"]
[PlyCount "105"]
[EventDate "2012.08.26"]
[EventType "swiss"]
[EventRounds "9"]
[EventCountry "CZE"]
[SourceTitle "CBM 150 Extra"]
[Source "ChessBase"]
[SourceDate "2012.10.19"]
[SourceVersion "1"]
[SourceVersionDate "2012.10.19"]
[SourceQuality "1"]

1. c4 e5 2. Nc3 c6 3. Nf3 d6 4. d4 exd4 5. Nxd4 Nd7 6. g3 Nb6 7. Qd3 Nf6 8. Bg5 Be7 9. Bg2 0-0 10. 0-0 h6 11. Bxf6 Bxf6 12. Rad1 Qe7 13. Ne4 Bxd4 14. Qxd4 d5 15. cxd5 Nxd5 16. Nc5 Nc7 17. Qd6 Qxd6 18. Rxd6 Re8 19. e3 Ne6 20. Nb3 Rb8 21. Rfd1 Kf8 22. h4 g5 23. hxg5 hxg5 24. Na5 Kg7 25. b4 Rh8 26. a4 a6 27. Nc4 Nc7 28. Ne5 Be6 29. Nd7 Rbd8 30. Nc5 Rxd6 31. Rxd6 Bc8 32. Rd2 Ne6 33. Ne4 Kf8 34. Nd6 Ke7 35. Nc4 Rd8 36. Rxd8 Nxd8 37. f4 gxf4 38. gxf4 Be6 39. Bf1 Bxc4 40. Bxc4 b5 41. Bb3 Kd6 42. Kf2 c5 43. bxc5+ Kxc5 44. axb5 axb5 45. Kf3 Kb4 46. Bd5 Kc3 47. Ke4 b4 48. Ke5 b3 49. Bxb3 Kxb3 50. Kf6 Kc4 51. Ke7 Kd5 52. Kxd8 f5 53. Kd7 1-0

[Event "Brno Duras op-A"]
[Site "Brno"]
[Date "2012.06.29"]
[Round "8"]
[White "Pokorny, Petr"]
[Black "Zeman, Arnost"]
[Result "1-0"]
[WhiteElo "2228"]
[BlackElo "1988"]
[PlyCount "59"]
[EventDate "2012.06.23"]
[EventType "tourn"]
[EventRounds "9"]
[EventCountry "CZE"]
[SourceTitle "CBM 149 Extra"]
[Source "ChessBase"]
[SourceDate "2012.08.24"]
[SourceVersion "1"]
[SourceVersionDate "2012.08.24"]
[SourceQuality "1"]

1. d4 Nf6 2. Nf3 d5 3. c4 e6 4. cxd5 exd5 5. Nc3 c6 6. Qc2 Bd6 7. Bg5 h6 8. Bxf6 Qxf6 9. Nxd5 Qe6 10. Nc3 0-0 11. g3 Nd7 12. Bg2 f5 13. d5 cxd5 14. Nd4 Qf6 15. e3 Nb6 16. Nxd5 Nxd5 17. Bxd5+ Kh8 18. Rd1 Bb4+ 19. Kf1 Rd8 20. Qc4 Ba5 21. Kg2 a6 22. b4 Bb6 23. Ne2 Rb8 24. Nf4 g5 25. Nh5 Qe5 26. h4 Bd7 27. hxg5 hxg5 28. Bf3 Bc6 29. Nf6+ Kg7 30. Rh7+ 1-0

[Event "CZE-chT2D 1112"]
[Site "Czech Republic"]
[Date "2012.01.22"]
[Round "6.4"]
[White "Zeman, Arnost"]
[Black "Machlowski, Slawomir"]
[Result "1/2-1/2"]
[WhiteElo "2018"]
[BlackElo "2170"]
[PlyCount "127"]
[EventDate "2011.10.09"]
[EventType "team-tourn"]
[EventRounds "11"]
[EventCountry "CZE"]
[SourceTitle "EXT 2013"]
[Source "ChessBase"]
[SourceDate "2012.11.22"]
[SourceVersion "1"]
[SourceVersionDate "2012.11.22"]
[SourceQuality "1"]
[WhiteTeam "Brno Lokomotiva"]
[BlackTeam "Rychnov nad Kneznou"]
[WhiteTeamCountry "CZE"]
[BlackTeamCountry "CZE"]

1. d4 c5 2. e3 d5 3. Nf3 Bg4 4. Be2 e6 5. c3 Nf6 6. Nbd2 Bd6 7. dxc5 Bxc5 8. Qa4+ Nbd7 9. Bb5 0-0 10. h3 Bh5 11. Bd3 Bd6 12. Qd1 Nc5 13. Be2 Rc8 14. 0-0 Bb8 15. Re1 Qc7 16. Nf1 Rfd8 17. Nh4 Bxe2 18. Qxe2 e5 19. Nf3 a6 20. Rd1 b5 21. Bd2 Nfd7 22. Be1 Nb6 23. N3d2 Qe7 24. Nb3 Ne4 25. f3 Nf6 26. Bh4 Nc4 27. Rab1 h6 28. Nbd2 Nd6 29. Bxf6 Qxf6 30. Rbc1 Ba7 31. Kh1 Qg5 32. e4 d4 33. cxd4 Bxd4 34. Nb3 Rxc1 35. Nxc1 Nc4 36. Nd3 Rd6 37. b3 Na5 38. Nb4 Rg6 39. Qc2 Kh7 40. Qe2 Qe7 41. Nd5 Qa3 42. Nfe3 Rc6 43. Nc2 Qd6 44. Nxd4 exd4 45. Rxd4 Rc8 46. Rd1 Qe6 47. Qd2 Nc6 48. Qf4 Ne5 49. Qf5+ Qxf5 50. exf5 Rc6 51. f4 Nd7 52. Nb4 Rc7 53. Nxa6 Ra7 54. Nb4 Nf6 55. Rd4 h5 56. Nd5 Rxa2 57. Nxf6+ gxf6 58. g3 Rf2 59. Rb4 h4 60. gxh4 Kh6 61. Kg1 Rb2 62. Rxb5 Kh5 63. Rb7 Kxh4 64. Rxf7 1/2-1/2

[Event "CZE-chT2D 1112"]
[Site "Czech Republic"]
[Date "2011.11.20"]
[Round "3"]
[White "Macharacek, Simon"]
[Black "Zeman, Arnost"]
[Result "1-0"]
[WhiteElo "2186"]
[BlackElo "2018"]
[PlyCount "97"]
[EventDate "2011.10.09"]
[EventType "team-tourn"]
[EventRounds "11"]
[EventCountry "CZE"]
[SourceTitle "EXT 2013"]
[Source "ChessBase"]
[SourceDate "2012.11.22"]
[SourceVersion "1"]
[SourceVersionDate "2012.11.22"]
[SourceQuality "1"]
[WhiteTeam "Brno Duras II"]
[BlackTeam "Brno Lokomotiva"]
[WhiteTeamCountry "CZE"]
[BlackTeamCountry "CZE"]

1. e4 c5 2. Nf3 Nc6 3. Bb5 Qc7 4. Nc3 e6 5. Bxc6 bxc6 6. e5 f6 7. Qe2 fxe5 8. Nxe5 Nf6 9. d3 Be7 10. 0-0 0-0 11. Bg5 d6 12. Nc4 h6 13. Bh4 g5 14. Bg3 e5 15. Rae1 Rf7 16. h4 Bg4 17. f3 Bf5 18. hxg5 hxg5 19. Ne3 Bg6 20. Ne4 Nh5 21. Bh2 Raf8 22. Ng4 Rh7 23. Qd2 Qd8 24. c3 Nf4 25. d4 cxd4 26. cxd4 Qb6 27. Rd1 Bxe4 28. fxe4 Qxd4+ 29. Qxd4 Ne2+ 30. Kh1 Nxd4 31. Rxf8+ Kxf8 32. Rf1+ Kg7 33. Ne3 Rh4 34. g4 Rh3 35. Nc4 Nf3 36. Rf2 Rxh2+ 37. Rxh2 Nxh2 38. Kxh2 d5 39. Ne3 Bc5 40. Nf5+ Kf6 41. Kg2 d4 42. Kf2 d3+ 43. Ke1 Bb4+ 44. Kd1 c5 45. Nd6 Ke6 46. Nc4 a5 47. a3 a4 48. axb4 cxb4 49. Kd2 1-0

[Event "Brno op 2nd"]
[Site "Brno"]
[Date "2011.11.17"]
[Round "8"]
[White "Benes, Petr"]
[Black "Zeman, Arnost"]
[Result "0-1"]
[WhiteElo "2157"]
[BlackElo "2006"]
[PlyCount "72"]
[EventDate "2011.11.12"]
[EventType "swiss"]
[EventRounds "9"]
[EventCountry "CZE"]
[SourceTitle "EXT 2012"]
[Source "ChessBase"]
[SourceDate "2011.11.24"]
[SourceVersion "1"]
[SourceVersionDate "2011.11.24"]
[SourceQuality "1"]

1. d4 Nf6 2. c4 g6 3. Nc3 d5 4. e3 Bg7 5. Nf3 0-0 6. Be2 c6 7. 0-0 dxc4 8. Bxc4 Nbd7 9. e4 Nb6 10. Bb3 Bg4 11. Be3 Qd7 12. h3 Be6 13. Bc2 Qc7 14. b3 Rfd8 15. Ng5 Bc8 16. Qf3 e5 17. dxe5 Qxe5 18. Bf4 Qe7 19. e5 Nfd5 20. Nxd5 Nxd5 21. Rad1 h6 22. Ne4 Be6 23. Bg3 Rd7 24. Nd6 Rad8 25. Rfe1 Nc7 26. Rd4 Bd5 27. Qd1 Ne6 28. Rxd5 cxd5 29. Qxd5 Nc7 30. Qd2 Ne6 31. b4 Qg5 32. Qd5 Rxd6 33. Qxd6 Rxd6 34. exd6 Qd2 35. Rxe6 fxe6 36. Bxg6 e5 0-1

[Event "Brno op 2nd"]
[Site "Brno"]
[Date "2011.11.15"]
[Round "4"]
[White "Kratochvil, Karel"]
[Black "Zeman, Arnost"]
[Result "1-0"]
[WhiteElo "2171"]
[BlackElo "2006"]
[PlyCount "37"]
[EventDate "2011.11.12"]
[EventType "swiss"]
[EventRounds "9"]
[EventCountry "CZE"]
[SourceTitle "EXT 2012"]
[Source "ChessBase"]
[SourceDate "2011.11.24"]
[SourceVersion "1"]
[SourceVersionDate "2011.11.24"]
[SourceQuality "1"]

1. e4 e5 2. Nf3 Nc6 3. Bc4 Bc5 4. c3 d6 5. d4 exd4 6. cxd4 Bb4+ 7. Nc3 Bxc3+ 8. bxc3 Nf6 9. Bd3 Qe7 10. 0-0 0-0 11. Re1 h6 12. h3 Rd8 13. Bf4 Qf8 14. e5 dxe5 15. Nxe5 Nd5 16. Nxc6 Nxf4 17. Nxd8 Nxd3 18. Qxd3 Qxd8 19. d5 1-0

[Event "Brno Trade op"]
[Site "Brno"]
[Date "2011.08.28"]
[Round "9"]
[White "Meszaros, Ludek"]
[Black "Zeman, Arnost"]
[Result "1-0"]
[WhiteElo "2170"]
[BlackElo "1980"]
[PlyCount "71"]
[EventDate "2011.08.21"]
[EventType "swiss"]
[EventRounds "9"]
[EventCountry "CZE"]
[SourceTitle "CBM 144 Extra"]
[Source "ChessBase"]
[SourceDate "2011.10.28"]
[SourceVersion "1"]
[SourceVersionDate "2011.10.28"]
[SourceQuality "1"]

1. e4 e6 2. d3 b6 3. Nf3 Be7 4. Be2 d6 5. 0-0 Nf6 6. Re1 Nbd7 7. Bf1 e5 8. d4 0-0 9. c4 Bb7 10. d5 a5 11. Nc3 Nc5 12. b3 h6 13. Bd2 Nh7 14. a3 Bc8 15. Be3 Nd7 16. b4 Ndf6 17. h3 Ne8 18. Bd3 Ng5 19. Nd2 Bd7 20. Qe2 axb4 21. axb4 Rxa1 22. Rxa1 f5 23. exf5 Bxf5 24. Bxf5 Rxf5 25. Qg4 Rf8 26. Bxg5 Bxg5 27. Nde4 Qe7 28. Nxg5 hxg5 29. Ne4 Rf4 30. Qe2 g6 31. Ra8 Kg7 32. g3 Rf5 33. Qe3 Kf7 34. Ra7 Kg8 35. Qxb6 Rf3 36. Qc6 1-0